000 00696nam a2200289Ia 4500
005 20260324115249.0
008 008 260324s9999 xx 000 0 eng d
020 _a9781315155203
037 _aEBOOK
040 _aCRL
040 _beng
040 _cCRL
041 _2eng
041 _aeng
084 _qCRL
100 _aToiya Kristen Finley
_91150515
245 0 _aNarrative Tactics for Mobile and Social Games
245 0 _bPocket-Sized Storytelling
260 _bTaylor and Francis
260 _c2018
365 _a
365 _b260
856 _uhttp://www.taylorfrancis.com/books/9781315155203
942 _cEBOOK
999 _c1744746
_d1744746